| 000 | 00545nam a2200217Ia 4500 | ||
|---|---|---|---|
| 008 | 180523s9999 xx 000 0 und d | ||
| 020 | _a978-981-06-9721-1 | ||
| 050 | _aMAIN TS 156 | ||
| 050 | _b.B47 2009 | ||
| 100 | _aBesterfield, Dale H. | ||
| 245 | 0 | _aQuality control / | |
| 245 | 0 | _cDale H. Besterfield. | |
| 250 | _a8th Edition | ||
| 260 | _aSingapore : | ||
| 260 | _bPearson Education South Asia, | ||
| 260 | _c2009 | ||
| 300 | _a540 pages : | ||
| 300 | _c23 cm. | ||
| 500 | _aIncludes index. | ||
| 650 | _aQuality control. | ||
| 999 |
_c357716 _d357716 |
||